00582cam a22001818a 4500008004100000020002200041100001900063245007200082260006800154300003200222500002000254650004400274650003600318700001900354003000100373005001700374040000900391  a0443064660 (pbk.)1 aGray, Timothy.10a100 diseases for the MRCP part 2 /cby Timothy Gray, Miles Witham. aEdinburgh ;aNew York :bElsevier Churchill Livingstone,c2002. axi, 281 p. :bill ;c24 cm. aIncludes index. 0aDiseasesvExaminations, questions, etc.12aDiseasevExamination Questions.1 aWitham, Miles.20230120204155.0 cNUST